000 00956nam a2200265Ia 4500
003 OSt
005 20221005113140.0
006 a|||||r|||| 00| 0
007 ta
008 221004b |||||||| |||| 00| 0 pan d
020 _a9788182991408 (hbk)
_cINR 150.00
024 _a38527
037 _b1017, 30/01/2018, H.K. Prakashan
_cTextual
040 _aCRL
_cCRL
_bpan
041 _2pan
_apan
082 _aO111,3N16,ET, 153Q7
100 _aਇੰਦੇ, ਥਦ.
_9159534
245 0 _aਕੱਛਕੁੰਮਾ ਵੱਡਾ-ਵੱਡਾ ਹੋਇਆ
260 _aਨਵੀ੍ਵ
_bਦਿੱਲੀ ਆਰਸੀ ਪਬਲਿFਰਗ਼ ਭਾਰਤ
_c2017
300 _a68ਪ0
_ccm.
650 _a ਅੰਗ੍ਰੇਜੀ ਕਹਾਣੀ
650 _aਅੰਗ੍ਰੇਜੀ ਸਾਹਿਤ
942 _hO111,3N16,ET, 153Q7
_cTEXL
_2cc
999 _c1027200
_d1027200